| 000 | 02201cam a2200361 i 4500 | ||
|---|---|---|---|
| 001 | 13552710 | ||
| 003 | EG-ScBUE | ||
| 005 | 20240701092042.0 | ||
| 008 | 040408s2004 enkeo f b f001 0deng d | ||
| 020 | _a0195172213 (acidfree paper) | ||
| 020 | _a9780195172218 | ||
| 040 |
_aDLC _beng _erda _cDLC _dDLC _dEG-ScBUE |
||
| 043 | _an-us--- | ||
| 082 | 0 | 4 |
_a973.924092 _222 _bHAN |
| 100 | 1 |
_aHanhimäki, Jussi M., _d1965- _eauthor. _937409 |
|
| 245 | 1 | 4 |
_aThe flawed architect : _bHenry Kissinger and American foreign policy / _cJussi Hanhimäki. |
| 246 | 3 | 0 | _aHenry Kissinger and American foreign policy |
| 264 | 1 |
_aOxford, United Kingdom ; _aNew York, United States : _bOxford University Press, _c2004. |
|
| 300 |
_axxii, 554 pages : _bphotographs, plans ; _c25 cm |
||
| 336 |
_2rdacontent _atext _btxt |
||
| 337 |
_aunmediated _2rdamedia _bn |
||
| 338 |
_avolume _bnc _2rdacarrier |
||
| 504 | _aIncludes bibliographical references and index. | ||
| 505 | 0 | _aIntroduction : a prize-winning performance ?-The aspiring statesman-Kissinger, Nixon, and the challenges of '69-Bombs and back channels-Progress and promise-Negotiating in the shadow of war-Crises and opportunities-Breakthroughs-The first test : Triangulation diplomacy and the Indo-Pakistani war-"The week that changed the world"-High stakes : triangulation, Moscow, and Vietnam-Exiting Vietnam-Highs and lows-Secretary of State-Unilateral advantage : the October war and shuttle diplomacy-Nixon's farewell : Watergate, Kissinger and foreign policy-Renewal ? Ford, Vladivostok, and Kissinger-Not our loss : exit from Vietnam-The worst hour : Angola and East Timor-"Worse than in the days of McCarthy" : Kissinger and the marathon of 1976-The chairman 'on trial'-Conclusion : the flawed architect. | |
| 600 | 1 | 7 |
_aKissinger, Henry, _d1923- _2BUEsh _937410 |
| 650 | 7 |
_aStatesmen _zUnited States _vBiography. _2BUEsh _917460 |
|
| 650 | 7 |
_aCabinet officers _zUnited States _vBiography. _2BUEsh _937411 |
|
| 651 | 7 |
_aUnited States _xForeign relations _y1969-1974. _2BUEsh _937412 |
|
| 651 | 7 |
_aUnited States _xPolitics and government _y1969-1974. _2BUEsh _937413 |
|
| 653 |
_bBUSADM _cFebruary2015 |
||
| 655 |
_vReading book _934232 |
||
| 942 |
_2ddc _cBB |
||
| 999 |
_c18979 _d18951 |
||